000 00917nam a22002777a 4500
001 7786
003 FISKH
005 20250806140503.0
008 250806b cb ||||| |||| 00| 0 eng d
020 _a9780890818619
040 _aFISKH
_beng
_cFISKH
_dFISKH
050 _aPZ7.M5748 K
100 _aMezek, Karen
245 _aKatie's Russian holiday /
_cBy Karen Mezek
260 _aEugene, Oregon :
_bHarvest House Publishers ,
_c1991.
300 _a54 pages :
_billustrations, maps ;
_c22 cm .
490 _aKatie's world
_v4
505 _aR
520 _aWhile trying to find a missing American teacher in the Soviet Union, Katie foils an assassination attempt on the Soviet president's life.
521 8 _a780
_bLexile estimate
521 8 _aR
_bRaz-Plus
650 _aMystery and detective stories
_vFiction
650 _aSoviet Union
_vFiction
942 _2ddc
_cBK
_n0
999 _c7786
_d7786